A step by step guide to conversion rate optimisation (CRO) & experimentation.

In this 3-hour course, you will learn how to apply Conversion Rate Optimisation (CRO) and experimentation techniques to drive evidence-based growth. The course covers insight gathering, testing methods, personalisation, measurement frameworks, and scaling successful experiments. What I will be able...

Full description

Bibliographic Details
Corporate Author: Safari, an O'Reilly Media Company
Other Authors: McKenna, Andy (instructor.)
Format: Video
Language:English
Published: [Birmingham, United Kingdom] : Packt Publishing, 2026.
Edition:[First edition].
Subjects:
Online Access:Connect to the full text of this electronic resource

MARC

Tag First Indicator Second Indicator Subfields
LEADER 00000ngm a22000007i 4500
001 in00005691921
005 20260219192247.8
006 m o c
007 vz czazuu
007 cr cnannnuuuuu
008 260127s2026 enk182 o vleng d
040 |a ORMDA  |b eng  |e rda  |e pn  |c ORMDA  |d OCLCO 
020 |a 9781807307271  |q (electronic video) 
020 |a 1807307271  |q (electronic video) 
035 |a (OCoLC)1570245455 
037 |a 9781807307271  |b O'Reilly Media 
050 4 |a HF5548.32 
082 0 4 |a 658.8/72  |2 23/eng/20260127 
049 |a TXAM 
245 0 2 |a A step by step guide to conversion rate optimisation (CRO) & experimentation. 
250 |a [First edition]. 
264 1 |a [Birmingham, United Kingdom] :  |b Packt Publishing,  |c 2026. 
300 |a 1 online resource (1 video file (3 hr., 2 min.)) :  |b sound, color. 
306 |a 030200 
336 |a two-dimensional moving image  |b tdi  |2 rdacontent 
337 |a computer  |b c  |2 rdamedia 
338 |a online resource  |b cr  |2 rdacarrier 
344 |a digital  |2 rdatr 
347 |a video file  |2 rdaft 
380 |a Instructional films.  |2 lcgft 
511 0 |a Andy McKenna, instructor. 
520 |a In this 3-hour course, you will learn how to apply Conversion Rate Optimisation (CRO) and experimentation techniques to drive evidence-based growth. The course covers insight gathering, testing methods, personalisation, measurement frameworks, and scaling successful experiments. What I will be able to do after this course Understand the core principles and importance of CRO and experimentation Gather insights from qualitative and quantitative data sources Run A/B, multivariate, and other experimentation methods Personalize user experiences to improve conversion rates Measure success using clear objectives and frameworks Course Instructor(s) Andy McKenna is a CRO and experimentation leader with 20+ years of experience across financial services, ecommerce, insurance, and SaaS. He leads CRO and Experience Optimisation at iQuanti and has built enterprise experimentation programs for global brands. Who is it for? This course is ideal for digital marketers, growth hackers, and professionals looking to optimize digital performance using CRO. It suits beginners as well as those seeking to refine their existing optimisation and experimentation skills. 
588 0 |a Online resource; title from title details screen (O'Reilly, viewed January 27, 2026). 
650 0 |a Electronic commerce. 
650 0 |a Internet advertising. 
650 0 |a Internet marketing. 
650 0 |a Web sites  |x Design. 
650 6 |a Commerce électronique. 
650 6 |a Publicité sur Internet. 
650 6 |a Marketing sur Internet. 
650 6 |a Sites Web  |x Conception. 
655 7 |a Instructional films.  |2 lcgft 
655 7 |a Nonfiction films.  |2 lcgft 
655 7 |a Internet videos.  |2 lcgft 
655 7 |a Films de formation.  |2 rvmgf 
655 7 |a Films autres que de fiction.  |2 rvmgf 
655 7 |a Vidéos sur Internet.  |2 rvmgf 
700 1 |a McKenna, Andy,  |e instructor. 
710 2 |a Safari, an O'Reilly Media Company. 
710 2 |a Packt Publishing,  |e publisher. 
856 4 0 |u https://go.oreilly.com/TAMU/library/view/-/9781807307271/?ar  |z Connect to the full text of this electronic resource  |t 0 
955 |a Safari/O'Reilly ebooks 
994 |a 92  |b TXA 
999 f f |i ab9e8475-444d-4bfe-b58e-d19460be34f9  |s a791b005-f261-4639-9aea-a46f66ff4833  |t 0 
952 f f |a Texas A&M University  |b College Station  |c Electronic Resources  |s www_evans  |d Available Online  |t 0  |e HF5548.32   |h Library of Congress classification 
998 f f |a HF5548.32   |t 0  |l Available Online